000 00616nam a2200181 a 4500
001 000026040
005 20200930024242.0
008 110225s1966 xxua 000 0 eng d
040 _aDO-SdBNP
_beng
_cBNPHU
082 _axxxxxx
_bxxxxxx
245 0 4 _aThe vista of american labor /
_cedición William Haber.
260 _aEstados Unidos :
_bVoice of America,
_c1966.
300 _a366 p. ;
_c21 cm.
490 1 _aVoice of America Forum Lectures
500 _aIncluye referencias bibliográficas y notas al pie de las páginas.
700 1 _aHaber, William.
_952978
830 0 _aVoice of America Forum Lectures
_952979
999 _c25532
_d25532